| 000 | 00597nam a2200169 i 4500 | ||
|---|---|---|---|
| 001 | 135194 | ||
| 003 | ES-MaACL | ||
| 005 | 20230906194827.0 | ||
| 007 | t| | ||
| 008 | 070711s1957 sp ||||1| spa d | ||
| 245 | 0 | 0 |
_aUna toca entre coronas _b: correspondencia inédita de la Reina Gobernadora Isabel II, al Duque de Riansares... recogida, anotada y traducida por Dionisio de Felipe. |
| 260 |
_aMadrid : _bEdit. El Perpetuo Socorro, _c1957. |
||
| 300 |
_a243 p. : _bil. ; _c24 cm. |
||
| 500 | _aRet. del aut. | ||
| 710 | 2 |
_aFelipe, Diomisio de. _94120 |
|
| 852 |
_aES-MaACL _jC-13786 _bR.40725 |
||
| 999 |
_c135194 _d135194 |
||